| 000 | 00444cam a22001574a 4500 | ||
|---|---|---|---|
| 020 | _a1559639482 (cloth : alk. paper) | ||
| 040 | _cDLC | ||
| 082 | 0 | 0 | _a333 ISI 2004 A016 Co. |
| 100 | 1 | _aRandolph, John | |
| 245 | 1 | 0 | _aEnvironmental land use planning and management / |
| 260 |
_aWashington : _bIsland Press, _cc2004 |
||
| 300 |
_axxxviii, 664 p. : _bill., maps (some col.) ; _c27 cm |
||
| 650 | 0 | _aLand use | |
| 650 | 0 | _aLand use | |
| 942 | _cEK | ||
| 999 |
_c11610 _d11610 |
||